| 000 | 00360nam a2200145Ia 4500 | ||
|---|---|---|---|
| 008 | 230917s9999||||xx |||||||||||||| ||und|| | ||
| 040 |
_e101203 _aMAIN |
||
| 041 | _aEnglish | ||
| 082 | _a820.09 A23O | ||
| 100 | _aAnderson, George K | ||
| 245 | 0 | _aOld and middle English literature | |
| 260 |
_aLondon _bCollier Books _c1966 |
||
| 300 | _a318 p. | ||
| 942 | _cBK | ||
| 999 |
_c50188 _d50188 |
||